[Event "Rheinland op"]
[Site "Heimbach Weis"]
[Date "1997.??.??"]
[Round "3"]
[White "Lucic, Marijan"]
[Black "Thieme Garmann, Alexander"]
[Result "1-0"]
[WhiteElo "1750"]
[BlackElo "1965"]
[PlyCount "89"]
[EventDate "1997.04.??"]
[EventType "swiss"]
[EventRounds "7"]
[EventCountry "GER"]
[SourceTitle "EXT 2001"]
[Source "ChessBase"]
[SourceDate "2000.11.22"]
[SourceVersion "1"]
[SourceVersionDate "2000.11.22"]
[SourceQuality "1"]

1. e4 e6 2. Nf3 d5 3. e5 c5 4. c3 Nc6 5. Bb5 Qb6 6. Ba4 Nh6 7. d4 cxd4 8. cxd4 Bd7 9. 0-0 Nf5 10. Bxc6 Bxc6 11. Nc3 h5 12. a3 a5 13. Rb1 Rc8 14. Be3 Be7 15. h3 h4 16. Qd2 Qb3 17. Kh2 a4 18. Rfc1 Kd7 19. Bg5 Rh5 20. Bxe7 Nxe7 21. Qf4 Nf5 22. Ne2 Qd3 23. g4 Qxe2 24. Ng1 Qd3 25. Rd1 Qc2 26. gxh5 Rh8 27. Qd2 Qe4 28. Rbc1 Rxh5 29. Rc3 Nh6 30. f3 Qg6 31. f4 Nf5 32. Ne2 Rh8 33. Rg1 Qh7 34. Rg4 Bb5 35. Qc2 Bc4 36. Qxa4+ b5 37. Qa7+ Ke8 38. b3 Ng3 39. Nxg3 hxg3+ 40. Rgxg3 Qb1 41. Qb8+ Ke7 42. Qxh8 Qb2+ 43. Kh1 Qb1+ 44. Kh2 Qb2+ 45. Rg2 1-0